Empereurs romains - Mort subite - Statistiques

Statistiques générales
  • Ce quiz a été pris 833 fois
  • Le résultat moyen est 8 sur 20
Answers on the Grid
Answers color-coded by a green-red scale on the quiz's grid according to % correct below.
Antiochus
Auguste
Aurélien
Brutus
Caligula
Caracalla
Claude
Cléopâtre
Constantin
Dioclétien
Domitien
Félix
Festus
Galère
Gallion
Germanicus
Hadrien
Jules César
Julien
Marc Antoine
Marc Aurèle
Néron
Nerva
Pilate
Pline l'Ancien
Pline le Jeune
Pompée
Ptolémée
Quirinius
Séjan
Séleucus
Sénèque
Suétone
Théodose
Tibère
Titus
Trajan
Valentinien
Vespasien
Zénobie
 
Statistiques - réponses
Réponse % Correct
Auguste
77%
Caligula
68%
Claude
52%
Constantin
50%
Caracalla
48%
Néron
48%
Hadrien
44%
Marc Aurèle
40%
Dioclétien
39%
Domitien
39%
Tibère
38%
Titus
38%
Aurélien
37%
Trajan
37%
Vespasien
36%
Galère
29%
Théodose
28%
Nerva
27%
Julien
24%
Valentinien
22%
Aucun quiz correspondant
Distribution des résultats
% des personnes avec chaque résultat
Percentile par nombre de réponses
Votre historique - résultats
Vous n’avez pas pris ce quiz